000 01254nam a2200301 c 4500
003 BLK
005 20240528161059.0
008 180408b bul|||||r ||||||| ||bul||
010 _aKNG00055200000
020 _a954-8516-94-2
_bиздат.: Кронос
040 _aBLK
041 _aBUL
_cBUL
080 _aАмериканска литература (на САЩ)
_b821.111(73)
_x-323(08)
_z821.111(73)-323(08)
700 1 _aМаврова, Красимира
_eсъстав.
_9368594
700 1 _aАнгелов, Боян
_eпрев. от англ.
_gИванов, Боян Ангелов
_9364234
139 _aНякои го предпочитат смешно
_bН 99
245 1 0 _aНякои го предпочитат смешно
_bСб. амер. хумористични разкази
_cсъстав. Красимира Маврова; прев. от англ. Боян Ангелов.
257 _aUSA
260 София
_bКронос
_c2005
_fСофия : Инвестпрес
300 _a400 с.
_c20 см
380 _aX
852 _aЦб 224572
856 4 _qpdf
_u
856 4 _qpdf
_u
942 _cKNG
_n0
_04
944 _aCR
_c08.09.2005
_k30530
_lМинев Младен
944 _aED
_c27.02.2007
_k
999 _c51298
_d51298